00709nam a22001577a 450000500170000000800410001708200190005824500420007726000610011930000100018065000230019094200070021399900170022095201570023795201570039420260408123219.0260408b |||||||| |||| 00| 0 eng d a330.954bHIG-G aHighlights Economic Survey 1999-2000  aPakistanbGovernment of Pakistan Finance Division c2000 a19 p. aManagement Science cBK c47259d47259 00w2026-04-081040708EconomicsaAUSCbAUSCcEconomicsd2026-04-08eGifted By Dr. Salman Hasan l0o330.954 HIG-GpAUHEG0021r2026-04-08 12:33:59yBK 00w2026-04-081040708EconomicsaAUSCbAUSCcEconomicsd2026-04-08eGifted By Dr. Salman Hasan l0o330.954 HIG-GpAUHEG0022r2026-04-08 12:35:04yBK